| 000 | 00000nas##2200000za#4500 |
| 001 | 9.515327 |
| 003 | CaOODSP |
| 005 | 20210929082752 |
| 007 | ta |
| 008 | 150406c2006||||xxc|| m #||||f| |0eng|d |
| 022 | |a1209-6571 |
| 040 | |aCaOODSP|beng |
| 043 | |an-cn--- |
| 086 | 1 |aFo143-4E |
| 110 | 1 |aCanada. |bNatural Resources Canada. |bCanadian Forest Service. |
| 245 | 10|aTechnology transfer note : |bforestry research applications / |cIssued by Pacific Forestry Centre. |
| 260 | |aVictoria - British Columbia : |bNatural Resources Canada. |
| 310 | |aIrregular |
| 520 | 3 |aTechnology Transfer Notes are a series of publications focusing on forestry research applications. Technology Transfer Notes offer new techniques, methods, tools and procedures, and deliver research results of interest to the operational forest manager. |
| 563 | |aPamphlet |
| 775 | 08|tNotes de transfert technologique : |w(CaOODSP)9.513652 |
| 776 | 0#|tTechnology transfer note : |w(CaOODSP)9.505260 |
| 780 | 00|tTechnology transfer note : |w(CaOODSP)9.514646 |